000 00411nam a2200133Ia 4500
005 20260328104343.0
008 260328s9999||||xx |||||||||||||| ||und||
100 _aBrand, Willemien
245 0 _aVisual Doing :
_b A Practical Guide to Incorporate Visual Thinking into Your Daily Business and Communication /
_cWillemien Brand
260 _bLaurence King
300 _a144 p.
650 _aREVISTAS
942 _cBK
999 _c12189
_d12189